| 000 | 00529nam a2200193Ia 4500 | ||
|---|---|---|---|
| 003 | OSt | ||
| 005 | 20251104093633.0 | ||
| 008 | 008 250505s9999 xx 000 0 eng d | ||
| 022 | _a0012-9976 | ||
| 037 | _aPeriodicals | ||
| 040 |
_aFEDL _beng _cFEDL |
||
| 041 |
_aeng _2eng |
||
| 084 | _qFEDL | ||
| 245 | 0 | _aEconomic and political weekly | |
| 260 |
_aNew Delhi, India _bCambridge University Press |
||
| 546 | _aV.47: No. 8 and 11 missing; V. 51: No. 19 is missing | ||
| 942 |
_cCR _2ddc _n0 |
||
| 999 |
_c1398789 _d1398789 |
||